Szczegóły MARC21

Jak pomóc otyłemu nastolatkowi? : rola pielęgniarki szkolnej i nauczyciela wychowania fizycznego we wspieraniu młodzieży z nadwagą i otyłością : poradnik dla pielęgniarek szkolnych i nauczycieli wychowania fizycznego w gimnazjach : praca zbiorowa /

003 -Nazwa inst., której nr kontr. jest w polu 001 [,]
    • @
    • Nazwa instytucji, której n kontrolny jest w polu 001
    • NUKAT
005 -DATA I CZAS OSTATNIEJ MODYFIKACJI [,]
    • @
    • pole kontrolne
    • 20241231102007.0
020 -Międzynarod. znormalizowany nr książki - ISBN [ , ]
    • a
    • Numer ISBN
    • 9788388767432 Find
040 -Instytucja sporządzająca opis [ , ]
    • a
    • Instytucja, która sporządziła opis (NP)
    • WA U/92KP
    • c
    • Instytucja, która sporządziła rekord (NP)
    • WA U/92KP
    • d
    • Instytucja, która zmodyfikowała rekord (P)
    • WA U/92DM
    • d
    • Instytucja, która zmodyfikowała rekord (P)
    • KR U/APs
    • d
    • Instytucja, która zmodyfikowała rekord (P)
    • KR U/42KJs
942 -Rodzaj dokumentu [ , ]
    • c
    • Rodzaj dokumentu
    • Książka
245 -Strefa tytułu i oznaczenia odpowiedzialności [0,0]
    • a
    • Tytuł
    • Jak pomóc otyłemu nastolatkowi? : Find
    • b
    • Ciąg dalszy tytułu (NP)
    • rola pielęgniarki szkolnej i nauczyciela wychowania fizycznego we wspieraniu młodzieży z nadwagą i otyłością : poradnik dla pielęgniarek szkolnych i nauczycieli wychowania fizycznego w gimnazjach : praca zbiorowa / Find
    • c
    • Pozostałe elementy strefy tytułu i oznaczenia odpowiedzialności (NP)
    • pod red. Anny Oblacińskiej i Izabeli Tabak.
260 -Strefa adresu wydawniczego [ , ]
    • a
    • Miejsce wydania (P)
    • Warszawa :
    • b
    • Nazwa wydawcy (P)
    • Instytut Matki i Dziecka. Zakład Medycyny Szkolnej,
    • c
    • Data wydania (P)
    • 2006.
300 -Strefa opisu fizycznego [ , ]
    • a
    • Określenie formy książki i/lub objętość (NP)
    • 108 s. :
    • b
    • Oznaczenie ilustracji (NP)
    • il. ;
    • c
    • Format (NP)
    • 23 cm.
336 -Typ zawartości [ , ]
    • a
    • Termin opisujący typ zawartości
    • Tekst
    • b
    • Kod określający zawartość
    • txt
    • 2
    • Źródło (terminu i kodu)
    • rdacontent
337 -Typ mediów [ , ]
    • a
    • Tryb odtwarzania
    • Bez urządzenia pośredniczącego
    • b
    • Kod typu mediów
    • n
    • 2
    • Źródło (terminu i kodu)
    • rdamedia
338 -Typ/rodzaj nośnika [ , ]
    • a
    • Hasło opisujące typ nośnika
    • Wolumin
    • b
    • Kod typu nośnika
    • nc
    • 2
    • Źródło (terminu i kodu)
    • rdacarrier
536 -Uwaga dot. finansowania książki [ , ]
    • a
    • Tekst uwagi
    • Publikacja wykonana w ramach ekspertyzy "Zapobieganie i zwalczanie społecznych i zdrowotnych skutków otyłości u gimnazjalistów w Polsce - rola pielęgniarek szkolnych i nauczycieli wf we wspieraniu uczniów i ich rodziców" ze środków przyznanych przez Departament Nauki i Szkolnictwa Wyższego Ministerstwa Zdrowia na działalność wspomagającą badania w 2006 r.
650 -Hasło przedmiotowe [ ,7]
    • a
    • Hasło przedmiotowe
    • Otyłość u nastolatków
    • x
    • Określnik rzeczowy
    • zapobieganie
    • v
    • Określnik formalny
    • poradniki.
    • 2
    • Źródło terminu
    • kaba
    • 9
    • KHW
    • 651966
700 -Hasło dodatkowe - nazwa osobowa [1, ]
    • a
    • Nazwa osobowa (NP)
    • Oblacińska, Anna. Find
    • e
    • Określenie rodzaju współpracy
    • Red.
    • 9
    • KHW
    • 526782
700 -Hasło dodatkowe - nazwa osobowa [1, ]
    • a
    • Nazwa osobowa (NP)
    • Tabak, Izabela Find
    • d
    • Daty biograficzne (NP)
    • (1971?-2017).
    • e
    • Określenie rodzaju współpracy
    • Red.
    • 9
    • KHW
    • 659198
920 -ISBN [ , ]
    • a
    • ISBN
    • 978-83-88767-43-2 Find
Lokalizacja Status udost. Sygnatura Data inwentaryzacji Numer inwentarzowy
BM1Żywienie, nadwaga 892022-12-12WF.11025